Statistiche per Le più grandi città negli Stati Uniti • A-Z

Clicka qui per fare il quiz!

Statistiche generali

  • Questo quiz è stato fatto 340 volte
  • Il punteggio medio è 9 su 23

Statistiche sulle risposte

#popolazioneCittà% Corretto
N8,537,673New York
97%
L3,976,322Los Angeles
90%
C2,704,958Chicago
81%
W681,170Washington
79%
B673,184Boston
72%
D1,317,929Dallas
62%
H2,303,482Houston
61%
A947,890Austin
42%
I855,164Indianapolis
42%
P1,615,017Phoenix
39%
F1,567,442Filadelfia
37%
K481,420Kansas City
36%
S1,492,510San Antonio
32%
O638,367Oklahoma City
26%
J880,619Jacksonville
22%
M652,717Memphis
18%
T530,706Tucson
13%
E683,080El Paso
10%
R458,880Raleigh
7%
V452,602Virginia Beach
5%
G287,027Greensboro
4%
Y200,807Yonkers
2%
U76,000Upland
1%

Distribuzione punteggi

Percentile per numero di risposta

Percentuale di utenti per punteggio

I tuoi punteggi nel tempo

Non hai fatto questo quiz